Microbiología (Registro nro. 12642)

Detalles MARC
000 -CABECERA
Longitud fija campo de control 01597nam a2200205 a 4500
003 - • IDENTIFICADOR DELl NÚMERO DE CONTROL
Identificador del número de control CO-ViMGA
005 - • FECHA Y HORA DE LA ÚLTIMA TRANSACCIÓN
Fecha y hora de la última transacción 20250801162556.0
008 - • CÓDIGOS DE INFORMACIÓN DE LONGITUD FIJA
Códigos de información de longitud fija 141112s2004 ck r 000 u spa d
040 ## - FUENTE DE LA CATALOGACIÓN
Centro catalogador de origen CO-ViMGA
Lengua de catalogación spa
Centro transcriptor CO-ViMGA
082 04 - • NÚMERO DE LA CLASIFICACIÓN DECIMAL DEWEY
Número de clasificación (R) 616.01 M426
245 10 - • TITULO PROPIAMENTE DICHO
Título Microbiología
250 ## - • MENCIÓN DE EDICIÓN
Mención de edición 20a
300 ## - • DESCRIPCIÓN FÍSICA
Extensión 1696 p : il
505 ## - • NOTA DE CONTENIDO CON FORMATO
Nota de contenido con formato Fisiología bacteriana Clasificación e identificación de las bacterias; Metabolismo energetico; Bases moleculares de la genética y regulación metabolica; Esterilización y deinfección 267 - - Inmunología Inmunógenos y moleculas fijadoras de antígenos y su detección; Inmunopatología; Desarrollo anormal del sistema inmunitario 477 - - Bacteriología medica Flora normal e infecciones oportunistas; Vibrionaceae; Yersinia; Brucella; Bacilius; Microbiología oral; Myciplasma 987 - - Virología básica Naturaleza, aislamiento y cunatificación de virus animales; Estructura, componentes y clasificación de los virus; el ciclo de multiplicación viral; Genética de los virus animales; Virus tumorales; bacteriófagos 1204 - - Virología clínica Patogenia de las infecciones virales; diagnóstico viral rápido; Enterovirus; Virus e infecciones del racto gastrointestinal; Virus influenza; Arbovirus; Arena virus; 1410 - - Micología medica Características generales de los hongos; Micosis sistemicas, subcutáneas, oportunistas 1493 - - Parasitología medica Protozoología medica; Helmintología medica 1574
650 14 - • PUNTO DE ACCESO ADICIONAL DE MATERIA - TÉRMINO DE MATERIA
Término de materia o nombre geográfico como elemento inicial MICROBIOLOGIA
942 ## - ENTRADA DE ELEMENTOS AGREGADOS (KOHA)
Fuente de clasificaión o esquema Dewey Decimal Classification
Koha [por defecto] tipo de item LIbro
Existencias
Perdido Fuente de clasificación o esquema Estado Físico No para préstamo Forma de adquisición Localización permanente Localización actual Fecha adquisición Serie de enumeración / cronolog&íacute;a Préstamos totales Renovaciones totales Signatura completa Código de barras Fecha última consulta Fecha último préstamo Número de copia Fecha del precio de reemplazo Tipo de item de Koha
  Dewey Decimal Classification     Sala Especializada Tercer Piso Biblioteca Pública Germán Arciniegas - Villavicencio Biblioteca Pública Germán Arciniegas - Villavicencio 12/04/2015 Volumen. 1 | 11/jun/2009 1 3 616.01 M426 00796 12/11/2017 10/09/2017 Ej. 1 12/04/2015 LIbro









Instituto Departamental de Cultura del Meta - Red Departamental de Bibliotecas Públicas del Meta.